| 000 | 00682nam a22001937a 4500 | ||
|---|---|---|---|
| 999 |
_c18854 _d18854 |
||
| 003 | AR-CdUCM | ||
| 008 | 190515b ||||| |||| 00| 0 spa d | ||
| 040 |
_aMUNICIPALIDAD PROVINCIAL DEL CUSCO _cBIBLIOTECA MUNICIPAL DEL CUSCO |
||
| 082 |
_a375.2 / _bI77 |
||
| 100 |
_aIsais Reyes, Jesus _939725 |
||
| 245 | _aOrganización escolar / | ||
| 260 |
_aMexico : _bHebreo, _c1967. |
||
| 300 |
_a283 páginas ; _c21 cm. |
||
| 505 | _aOrganización en general -- El maestro y la organización -- Organización del trabajo docente -- Organización interna de la escuela... | ||
| 650 |
_aEducación. _9460 |
||
| 650 |
_aOrganización escolar. _95215 |
||
| 942 |
_2ddc _cLIBROS |
||
| 945 | _awfj | ||